| 000 | 00659nam a2200241Ia 4500 | ||
|---|---|---|---|
| 001 | 52087 | ||
| 005 | 20240114005251.0 | ||
| 007 | ta | ||
| 008 | 100405s1949 a g b000 u 491 u | ||
| 040 | _aCotton College Assam | ||
| 041 | _a491 | ||
| 082 |
_a181.45 _bP 27 Y |
||
| 100 | _aBaba, Bengali . | ||
| 245 | 0 |
_aPatanjala Yogasutra / _cBengali Baba. _hTextual Documents |
|
| 250 | _a2nd ed / | ||
| 260 |
_aPoona : _bN R Bhargawa , _c1949. |
||
| 300 |
_a177pg : _bPhotos,Fascimile ; _c25cm . |
||
| 653 | _aPatanjala Yogasutra-Vyasa Commentary | ||
| 653 | _aT/G-Philosophy181.45 | ||
| 942 |
_2ddc _cBK |
||
| 999 |
_c52051 _d52051 |
||